| 000 | 00706nam a2200277 a 4500 | ||
|---|---|---|---|
| 003 | AR-BaBNM | ||
| 005 | 20251128205309.0 | ||
| 008 | 082120s2002 ||||||||||||||000 | spa|| | ||
| 040 | _cAR-BaBNM | ||
| 100 | 1 | _aRensoli, Lourdes | |
| 245 | 0 | 0 |
_aLezama Lima _buna cosmología poética |
| 260 |
_aLa Habana _bLetras cubanas _c1990 |
||
| 300 | _a143 p. | ||
| 490 | 0 | _aEspiral | |
| 650 | 4 | _aCRITICA LITERARIA | |
| 650 | 4 | _aPOESIA | |
| 650 | 4 | _aLITERATURA LATINOAMERICANA | |
| 650 | 4 | _aFILOSOFIA LITERARIA | |
| 650 | 4 | _aANALISIS LITERARIO | |
| 653 | _aLITERATURA CUBANA | ||
| 653 | _aINFLUENCIA CLASICA | ||
| 655 | _aLITERATURA | ||
| 700 | 1 | _aFuentes, Ivette | |
| 942 | _cBK | ||
| 998 | _cMARTIN | ||
| 999 |
_c10799 _d10799 |
||